| 000 | 01307cam a2200337 i 4500 | ||
|---|---|---|---|
| 999 |
_c44624 _d44624 |
||
| 001 | 44624 | ||
| 003 | Mx-PuUPA | ||
| 005 | 20191008155858.0 | ||
| 008 | 140415s1992 sp r 000 0 spa d | ||
| 020 | _a8471000700 | ||
| 040 |
_aMx-PuUPA _bspa _cMx-PuUPA _dMx-PuUPA _erda |
||
| 041 | 0 | _aspa | |
| 100 | 1 |
_aRodríguez González, Jesús Jerónimo, _99002 _d1955- _eautor |
|
| 245 | 1 | 0 |
_aAsturias y América / _cJesús Jerónimo Rodríguez González ; director coordinador, José Andrés-Gallego |
| 264 | 4 |
_aMadrid : _bEditorial MAPFRE, _c©1992 |
|
| 300 |
_a339 páginas ; _c23 cm. |
||
| 336 |
_2rdacontent _atexto _btxt |
||
| 337 |
_2rdamedia _asin medio _bn |
||
| 338 |
_2rdacarrier _avolumen _bnc |
||
| 490 | 0 |
_aColecciones MAPFRE 1492 ; _vX. |
|
| 490 | 1 |
_aColección las Españas y América ; _v12 |
|
| 650 | 4 |
_aAsturianos _zAmérica Latina _xHistoria |
|
| 651 | 4 |
_aLatinoamérica _xRelaciones _zEspaña _zAsturias |
|
| 651 | 4 |
_aAsturias (España) _xRelaciones _zLatinoamérica |
|
| 700 | 1 |
_aAndrés-Gallego, José, _edirector coordinador |
|
| 800 | 1 |
_aHernández Sánchez-Barda, Mario, _edirector _tColección las Españas y América ; _v12 |
|
| 942 |
_2ddc _cLI _h910.9 _iL337 |
||